000 01027nam a2200253 a 4500
001 BRCA_6138
005 20190320205339.0
008 170608s2011----sp-a######---#000-0#spa-#
020 _a9786077612483
041 _aspa
044 _amx
050 4 _aND1432
_b.P56 2011
245 1 0 _aPintura de los reinos
_bidentidades compartidas en el mundo hispánico.
260 _aMéxico
_bFomento Cultural Banamex
_c1a reimp. 2011
300 _a131 p.
_bil. a color
_c32 cm.
500 _aIncluye lista de obra
500 _a2do. ejemplar en el Área de Investigación
500 _aCatálogo de la exposición realizada en el Palacio Real de Madrid, Museo Nacional del Prado, 26 octubre, 2010 - 30 enero, 2011 y en el Palacio de Cultura Banamex, Palacio de Iturbide, 8 marzo - 30 junio, 2011
650 1 4 _aArte y simbolismo cristiano
_ySiglo XVI-XVIII
_zLatinoamérica
_96176
650 1 4 _aPintura colonial
_zLatinoamérica
_96177
651 4 _aLatinoamérica
_xPintura
_96178
651 4 _aEspaña
_xPintura
_96179
942 _2lcc
_cB
999 _c5825
_d5825